Responses for show #5666 - Monday, April 6, 2009

Contestants

[<< previous game]

Kelly Dobbin, a tour planner from Brunswick, Georgia

Eric LaForest, a high school history teacher originally from Jacksonville, Florida

Kevin Rainforth, a substance abuse counselor from Orchard Park, New York (whose 1-day cash winnings total $16,000)

[next game >>]

Jeopardy! Round responses

2 "B" OR NOT 2 "B"
(Alex: Each correct response will have either 1 "B" or 2 "B"s in it.)
SNL ACTORS & THEIR CHARACTERS
MOVABLE FEASTS
GOOD O'MEN
CENTRAL PARK STATUES
THE LAST
    $200 6
ebbing

Eric
    $200 1
(Gilda) Radner

Kelly
    $200 14
Ascension

Kelly
    $200 21
Speaker

Kevin
    $200 26
Columbus

Eric
    $200 11
the Revolutionary War

Eric
    $400 7
sebaceous

Kelly
    $400 2
(Dana) Carvey

Kelly
    $400 15
Jerusalem

Kelly
    $400 22
(Bill) O'Reilly

Eric
    $400 27
Hans Christian Andersen

Kelly
    $400 12
the last ad for cigarettes

Eric
    $600 8
taboo

Eric
    $600 3
(Kevin: Who is Will Ferrell?)

Darrell Hammond

KevinKelly
    $600 16
Pentecost

Eric
    $600 23
archbishop

Eric
    $600 28
(Samuel) Morse

Kelly
    $600 13
(Kevin: What is TWA?)

Eastern

Kevin
Triple Stumper
    $800 9
(Eric: What is Babel?)

a shibboleth

Eric
Triple Stumper
    $800 4
Amy Poehler

Triple Stumper
    $800 17
Passover

Kelly
    $800 24
Sean O'Casey

Kelly
    $800 29
(Duke) Ellington

Kelly
    $800 19
(Kelly: What is the last of their kind?)

the last speaker of their language

KevinKelly
    $1,000 10
(Eric: What is...sorry.)

Entebbe

Eric
    $1000 5
(Kristen) Wiig

Kelly
    $1000 18
Thursday

Eric
    $1000 25
Australia

Kelly
    $1000 30
(William Tecumseh) Sherman

Eric
    $1000 20
the colonies

Triple Stumper

Scores at the first commercial break (after clue 15):

Kevin Eric Kelly
-$1,200 -$400 $3,200

Scores at the end of the Jeopardy! Round:

Kevin Eric Kelly
-$200 $3,400 $6,800

Double Jeopardy! Round responses

TO BEE OR NOT TO BEE
A SALUTE TO SALLY FIELD
LAKES
VWLLSS VGTBLS
(Alex: VOWELLESS VEGETABLES.)
AMERICAN LIT
HAUNTED HOUSEKEEPING
    $400 6
honeybees

Kelly
    $400 8
Brothers & Sisters

Eric
    $400 1
(Alex: Good for you! You couldn't go home if you didn't get that one.)

Lakes Erie and Ontario

Kevin
    $400 21
eggplant

Eric
    $400 16
Melville

Eric
    $400 26
spider webs

Eric
    $800 7
a cell phone

Eric
    $800 9
Gidget

Kelly
    $800 2
Mindanao

Triple Stumper
    $800 22
rutabaga

Kelly
    $800 17
(Kevin: Who is Hawthorne?)
(Eric: Who is Cather?)
(Kelly: Who is Crane?)

James Fenimore Cooper

KevinEricKelly
Triple Stumper
    $800 27
(Eric: What is silicon?)
[Eric's response was initially accepted, but the ruling was reversed before Final Jeopardy!]

silicone

Eric
Triple Stumper
    $1200 13
(Kelly: What is a hive?)
...
[Eric laughs]
(Alex: Did you say pizza, Eric?)
(Eric: [Laughing] It was a guess.)
(Alex: A famous p--I'll have the Mary Celeste pizza, please. It disappears.)

a ship

Kelly
Triple Stumper
    $1200 10
Sybil

Kelly
    $1200 3
Loon Lake

Kevin
    $1200 23
leek

Kelly
    $1200 18
(Gore) Vidal

Eric
    $1200 28
white noise

Eric
    $1600 14
Haagen-Dazs

Eric
    $1600 11
Places in the Heart

Kelly
    $1600 4
(Alex: In Seattle.)

Lake Washington

Triple Stumper
    $1600 24
kale

Kelly
    $1600 19
Cormac McCarthy

Eric
    $2000 15
(Kelly: What is a flea?)
(Kevin: What is a wasp?)

a mite

KevinKelly
Triple Stumper
    $1,200 12
(Edward) Albee

Kelly
    $2000 5
(Kelly: What are six colors?)

seven colors

KevinKelly
    $5,000 25
(Kelly: What is... kare?)

okra

Kelly
    $2000 20
Old Ben

Triple Stumper

Scores at the end of the Double Jeopardy! Round:

Kevin Eric Kelly
$600 $9,800 $4,600
(lock game)

[wagering suggestions for these scores]

Final Jeopardy! Round responses

SCIENCE HISTORY
KevinWhat is sea level
$599
KellyWhat is pi?
$3,300
EricWhat is sea level??
$38
the speed of light

Final scores:

Kevin Eric Kelly
$1 $9,762 $1,300
3rd place: $1,000 New champion: $9,762 2nd place: $2,000

Game dynamics:

Coryat scores:

Kevin Eric Kelly
$600 $10,800 $10,400
5 R,
4 W
19 R,
4 W
(including 1 DD)
21 R
(including 1 DD),
6 W
(including 1 DD)

Combined Coryat: $21,800

The J! Archive is created by fans, for fans. The Jeopardy! game show and all elements thereof, including but not limited to copyright and trademark thereto, are the property of Jeopardy Productions, Inc. and are protected under law. This website is not affiliated with, sponsored by, or operated by Jeopardy Productions, Inc. Join the discussion at JBoard.tv.